Medical service in campaign : Handbook for medical officers in field.

Bibliographic Details
Corporate Author: United States. Army Medical Department (1968- )
Format: Government Document eBook
Language:English
Published: [United States] : P. Blakiston's Son and Company, 1912.
Subjects:
Online Access:Connect to the full text of this electronic document

MARC

Tag First Indicator Second Indicator Subfields
LEADER 00000cam a22000001a 4500
001 in00003702000
005 20190408182143.0
006 m o d f
007 cr bn mmmapmmp
008 040322s1912 pau o f001 0 eng d
035 |a ebd1910308888 
040 |a UMI  |c UMI  |d UtOrBLW 
086 0 |a W 44.2:C 15/2 
099 |a W44.2-48 
245 0 0 |a Medical service in campaign :  |b Handbook for medical officers in field. 
264 1 |a [United States] :  |b P. Blakiston's Son and Company,  |c 1912. 
300 |a 1 online resource (ix+186 pages) 
336 |a text  |b txt  |2 rdacontent 
337 |a computer  |b c  |2 rdamedia 
338 |a online resource  |b cr  |2 rdacarrier 
500 |a [on military medicine; with data on weapons and fortifications, war casualties by campaign and nationality, Army Medical Department vehicles and transportation, and personnel levels authorized by unit type; and sample forms]. 
500 |a Includes index. 
500 |a Record is based on bibliographic data in ProQuest U.S. Executive Branch Documents, 1910-1932. Reuse except for individual research requires license from ProQuest, LLC. 
533 |a Electronic reproduction.  |b [Bethesda, Md.] :  |c ProQuest,  |d 2012.  |e digital, PDF file.  |n ProQuest U.S. Executive Branch Documents, 1910-1932.  |n Mode of access: World Wide Web via ProQuest website. 
538 |a System requirements: PDF reader software. 
500 |a Electronic resource. 
650 0 |a Armed Forces  |x Officers.  |0 http://id.loc.gov/authorities/subjects/sh85007248 
650 0 |a Military weapons.  |0 http://id.loc.gov/authorities/subjects/sh91001438 
650 0 |a War casualties.  |0 http://id.loc.gov/authorities/subjects/sh96005380 
655 7 |a Electronic books.  |2 local 
710 1 |a United States.  |b Army Medical Department (1968- )  |0 http://id.loc.gov/authorities/names/n81128416 
776 1 8 |i Microfiche version:  |t Medical service in campaign  |o CIS US Exec MF W44.2-48  |w (ProQuest)cis191306146 
856 4 0 |u http://proxy.library.tamu.edu/login?url=http://congressional.proquest.com/congressional/docview/t66.d71.w44.2-48  |z Connect to the full text of this electronic document  |t 0 
999 f f |s bf36d644-fc2c-3123-8128-e51b6081b214  |i 1d85b393-5f4f-321c-af5a-1e87dd10cc6b  |t 0 
952 f f |a Texas A&M University  |b College Station  |c Electronic Resources  |d Available Online  |t 0  |h No information provided 
998 f f |t 0  |l Available Online